000 00545nam a2200181Ia 4500
999 _c29732
_d29732
003 OSt
005 20210108132127.0
008 190216s9999||||xx |||||||||||||| ||und||
020 _a9788187474982
040 _coclc
082 _a894.812301
_bCHI/R
100 _aChittettukalam, Tony
_97506
245 0 _aRathri Malayalathinte Rakkanavukal /
_cTony Chittettukalam
260 _bOlive Publications,
_c2010.
_aKozhikode:
300 _a321p
650 _aGeneral
942 _cBK
_2ddc
_h894.812301
_iCHI/R
_k894.812301
_mCHI/R